A dimensô socioambiental do direito fundamental ao trabalho digno uma anl̀ise a partir do assďio organizacional nos bancos do Distrito Federal /

Detalles Bibliográficos
Autor principal: de Oliveira Dias, Valeria
Formato: eBook
Lenguaje:portugués
Publicado: San Pablo: LTR, 2020
Materias:
Acceso en línea:Acceso restringido

MARC

LEADER 00000nam a22000007a 4500
005 20220411231349.0
007 cr|||| ||||
008 220411s2020 br |||||s|||| 00||0 por d
020 |a 978-85-301-0197-8 
035 |a 36084 
040 |a vLex 
090 |c 13163  |d 13163 
100 1 |a de Oliveira Dias, Valeria 
245 1 1 |a A dimensô socioambiental do direito fundamental ao trabalho digno  |h [Recurso electrn̤ico] :  |b uma anl̀ise a partir do assďio organizacional nos bancos do Distrito Federal /  |c Valeria de Oliveira Dias 
256 |a Servicio en ln̕ea 
260 |a San Pablo:  |b LTR,  |c 2020 
300 |a 1 recurso electrn̤ico 
506 1 |a Disponible solo en los productos indicados  |d vLex Global  |d vLex Global (Academic Edition, excluding Law Schools)  |d vLex Global (U.S. Academic Edition, Law Schools)  |d vLex Global (U.S. Academic Edition, excluding Law Schools)  |d vLex Global (Academic Edition, Law Schools) 
650 0 4 |a Derecho Laboral y Seguridad Social  |z Brasil 
740 0 |a vLex Libros (Servicio en ln̕ea) 
856 4 0 |u https://app.vlex.com/#/sources/36084  |z Acceso restringido 
942 |c BOOK 
999 0 |a Labor law and social security